| 000 | 00852nam a2200265Ia 4500 | ||
|---|---|---|---|
| 003 | OSt | ||
| 005 | 20220918170717.0 | ||
| 006 | a|||||r|||| 00| 0 | ||
| 007 | ta | ||
| 008 | 220917b |||||||| |||| 00| 0 eng d | ||
| 020 |
_a9780415672924 (hbk) _c7412 |
||
| 024 | _a265,985 | ||
| 037 |
_b55/2012-13, 10/08/2012, Pioneer Book Distributors _cTextual |
||
| 040 |
_aARTS _cARTS _beng |
||
| 041 |
_2eng _aeng |
||
| 082 | _aQ7:32, Q2 | ||
| 100 |
_aBurge S R _930540 |
||
| 245 | 0 |
_aAngels in Islam _b Jalal al din al suyuti's al haba'ik fi akhbar al mala'ik |
|
| 260 |
_aLondon _bRoutledge UK _c2012 |
||
| 300 |
_a338p. _ccm. |
||
| 490 | _aCulture and civilization in the middle east | ||
| 650 | _aRELIGION | ||
| 942 |
_hQ7:32, Q2 _cTEXL _2CC |
||
| 999 |
_c135278 _d135278 |
||